Živá voda

Hlavní autor: Zagorová, Hana, 1946-2022
Korporativní autor: Orchestr Karla Vágnera
Další autoři: Neckář, Jan, 1949-, Rezek, Petr, 1942-, Vobruba, Josef, 1932-1982, Taneční orchestr Československého rozhlasu Praha, Bezinky (hudební skupina)
Jazyk: Čeština
Vydáno: Praha: Supraphon, p2006
Témata:
Fyzický popis: 1 zvuková deska (73:58) : digital, stereo ; 12 cm + 1 brožura [8 s.]
Zvukové nahrávky
Uloženo v:
LEADER 02137njm a2200433 a 4500
001 000810380
003 CZ BrMZK
005 20231027082756.0
007 sd fsngnnmmned
008 060302s2006 xr pp g cze d
028 0 0 |a SU 5687-2  |b Supraphon 
040 |a BOA001  |b cze 
048 |a od  |b vu 
072 7 |a 784  |x Vokální hudba  |2 Konspekt  |9 9 
080 |a 784.4  |2 MRF 
080 |a (086.76)  |2 MRF 
100 1 |a Zagorová, Hana,  |d 1946-2022  |7 jn19990210827  |4 sng 
245 1 0 |a Živá voda  |h [zvukový záznam] 
260 |a Praha:  |b Supraphon,  |c p2006 
300 |a 1 zvuková deska (73:58) :  |b digital, stereo ;  |c 12 cm +  |e 1 brožura [8 s.] 
306 |a 011358 
500 |a Kompaktní deska (AAD) 
500 |a Kompilace 
500 |a Původní fonogramy p1988, p1974-1976 Supraphon 
505 0 0 |t Srážka s láskou --  |t Větroplach --  |t Už si nevzpomínám --  |t S loudilem v patách --  |t Skleněné sny --  |t Chvíli jsem balónem --  |t Bourá se dům --  |t Drápkem se zachytím --  |t Smiřování --  |t Jako jindy --  |t Zemětřesení --  |t Velká krádež --  |t Živá voda --  |t Já se vznáším --  |t Můj sen je touha žít --  |t Byl to víc než přítel můj --  |t Svážu stuhou séšť --  |t Asi, asi --  |t Kamarád --  |t Přítel čas --  |t Sámjsi šel --  |t A v noci bude mráz 
511 0 |a Zpívá Hana Zagorová, Jan Neckář, Petr Rezek. Karel Vágner se svým orchestrem ; Bezinky ; TOČR, dirigent Josef Vobruba ... [et al. ] 
650 0 7 |a populární písně  |7 ph124354  |y 1971-1980  |2 czenas 
650 0 7 |a populární písně  |7 ph124354  |y 2001-2010  |2 czenas 
655 7 |a kompaktní desky  |7 fd201991  |2 czenas 
700 1 |a Neckář, Jan,  |d 1949-  |7 jx20041111023  |4 sng 
700 1 |a Rezek, Petr,  |d 1942-  |7 xx0023915  |4 sng 
700 1 |a Vobruba, Josef,  |d 1932-1982  |7 jn19990010024  |4 cnd 
710 2 |a Orchestr Karla Vágnera  |7 kn20010710269 
710 2 |a Taneční orchestr Československého rozhlasu Praha  |7 ko2002102437 
710 2 |a Bezinky (hudební skupina)  |7 kn20010709240 
910 |a BOA001  |b CD-0012.991 
990 |a AV 
991 |b 200603 
996 6 |b 261H014284  |c CD-0012.991  |l MZK  |r Sklad / do 24 hodin  |n 0  |w 000810380  |u 000010  |a 1  |e BOA001  |j MZK50  |s P